Décadas médico-quirúrgicas. (Record no. 964)

MARC details
000 -LEADER
campo de control de longitud fija 01064nas a2200265 i 4500
001 - NÚMERO DE CONTROL
campo de control 964
003 - IDENTIFICADOR DE NÚMERO DE CONTROL
campo de control ES-MaACL
005 - FECHA Y HORA DE LA ÚLTIMA TRANSACCIÓN
campo de control 20251111172513.0
007 - CAMPO FIJO DE DESCRIPCIÓN FÍSICA--INFORMACIÓN GENERAL
campo de control de longitud fija t|
008 - DATOS DE LONGITUD FIJA--INFORMACIÓN GENERAL
campo de control de longitud fija 950801d18201828sp | | 1 ||pa d
245 00 - MENCIÓN DEL TÍTULO
Título Décadas médico-quirúrgicas.
260 ## - PUBLICACIÓN, DISTRIBUCIÓN, ETC.
Lugar de publicación, distribución, etc. Madrid :
Nombre del editor, distribuidor, etc. Imp. que fue de Fuentenebro,
Fecha de publicación, distribución, etc. 1820-1828.
300 ## - DESCRIPCIÓN FÍSICA
Extensión 9 v. ;
Dimensiones 17 cm.
310 ## - PERIODICIDAD ACTUAL
Periodicidad actual Decenal
362 0# - FECHAS DE PUBLICACIÓN Y/O DESIGNACIÓN SECUENCIAL
Fecha de publicación y/o designación secuencial T. I , nº 1 (1820)- (1828)
500 ## - NOTA GENERAL
Nota general En 1821 cambia el nombre a Décadas médico-quirúrgicas y farmacéuticas y en 1822 pasa a llamarse Décadas de medicina y cirugía prácticas hasta el final de la publicación en 1828.
500 ## - NOTA GENERAL
Nota general Cada tomo consta de 9 entregas, con el índice al final, y paginación seguida.
500 ## - NOTA GENERAL
Nota general Revista fundada, dirigida y redactada principalmente por Manuel Hurtado de Mendoza.
650 17 - PUNTO DE ACCESO ADICIONAL DE MATERIA--TÉRMINO DE MATERIA
Término de materia o nombre geográfico como elemento de entrada Medicina
Fuente del encabezamiento o término embne
9 (RLIN) 14891
650 07 - PUNTO DE ACCESO ADICIONAL DE MATERIA--TÉRMINO DE MATERIA
Término de materia o nombre geográfico como elemento de entrada Cirugía
Fuente del encabezamiento o término embne
9 (RLIN) 11050
700 1# - ENTRADA AGREGADA--NOMBRE PERSONAL
Nombre de persona Hurtado de Mendoza, Manuel,
Fechas asociadas al nombre 1783-1849
9 (RLIN) 163804
852 ## - LOCALIZACIÓN
Ubicación ES-MaACL
Número de control de estantería D-1067-75
Nota libre .- Donat. Seoane
866 #0 - MENCIÓN TEXTUAL DE FONDOS--UNIDAD BIBLIOGRÁFICA BÁSICA
Fondos 1820-22(1823f.t.VIII).
Holdings
Estatus retirado Estado de pérdida Estado de daño No para préstamo Colección Biblioteca de origen Biblioteca actual Ubicación en estantería Fecha de adquisición Fuente de adquisición Total de préstamos Signatura topográfica completa Código de barras Visto por última vez Precio de reemplazo Tipo de ítem Koha
        Periódicos y Revistas Biblioteca del Ateneo de Madrid Biblioteca del Ateneo de Madrid Sala Valle Inclán 17/01/2008     D-1067-75 901000983 23/02/2023 23/02/2023 Revista